| Tag |
First Indicator |
Second Indicator |
Subfields |
| LEADER |
00000cam a2200000 a 4500 |
| 001 |
in00002690821 |
| 005 |
20211120162521.0 |
| 006 |
m d f |
| 007 |
cr bn||||||||| |
| 008 |
110919s2009 coua o f000 0 eng c |
| 035 |
|
|
|a (OCoLC)ocn753560096
|
| 040 |
|
|
|a GPO
|c GPO
|d MvI
|d UtOrBLW
|
| 042 |
|
|
|a pcc
|
| 043 |
|
|
|a n-us---
|
| 049 |
|
|
|a WWW
|
| 074 |
|
|
|a 0030-A-25 (online)
|
| 086 |
0 |
|
|a A 101.47:SO 9
|
| 245 |
0 |
0 |
|a Sow and gilt management in Swine 2000 and Swine 2006.
|
| 264 |
|
1 |
|a [Fort Collins, Colo.] :
|b U.S. Dept. of Agriculture, Animal and Plant Health Inspection Service, Veterinary Services, Centers for Epidemiology and Animal Health,
|c [2009]
|
| 300 |
|
|
|a 1 online resource (3 unnumbered pages) :
|b illustrations
|
| 336 |
|
|
|a text
|b txt
|2 rdacontent
|
| 337 |
|
|
|a computer
|b c
|2 rdamedia
|
| 338 |
|
|
|a online resource
|b cr
|2 rdacarrier
|
| 490 |
1 |
|
|a APHIS info sheet
|
| 500 |
|
|
|a Title from title screen (viewed on Sept. 19, 2011).
|
| 500 |
|
|
|a "January 2009."
|
| 500 |
|
|
|a "Safeguarding American Agriculture."
|
| 500 |
|
|
|a Electronic resource.
|
| 650 |
|
0 |
|a Swine
|x Breeding
|z United States.
|
| 650 |
|
0 |
|a Sows
|x Pregnancy
|z United States.
|
| 710 |
2 |
|
|a Centers for Epidemiology and Animal Health (U.S.)
|
| 776 |
0 |
8 |
|i Print version:
|t Sow and gilt management in swine 2000 and swine 2006
|w (OCoLC)317971084
|
| 830 |
|
0 |
|a APHIS Veterinary Services info sheet.
|
| 856 |
4 |
0 |
|u https://purl.fdlp.gov/GPO/gpo6751
|t 0
|
| 999 |
|
|
|a MARS
|
| 999 |
f |
f |
|s df554658-8981-3ecf-b467-2d76b411eda8
|i 522564e7-ca02-37e3-9f30-14582e2bb090
|t 0
|
| 952 |
f |
f |
|a Texas A&M University
|b College Station
|c Electronic Resources
|d Available Online
|t 0
|e A 101.47:SO 9
|h Superintendent of Documents classification
|
| 998 |
f |
f |
|a A 101.47:SO 9
|t 0
|l Available Online
|